000 00395nam a22001697a 4500
003 OSt
005 20210921152003.0
008 210921b |||||||| |||| 00| 0 eng d
020 _a8175240652
040 _cHU
082 _a799.11/HAF
100 _aHAFFMAN BOB
_95722
245 _aFITNESS & WELLNESS
260 _aINDIA
_bKHEL SAHITYA KENDRA
_c2001.
300 _a274p.
942 _2ddc
_cBOOKS
_n0
999 _c5583
_d5583